00998cam a22003374a 45000010009000000050017000090080041000260100017000670150019000840160020001030160018001230200015001410350023001560400066001790410008002450420008002530600023002610800015002840820019002990840015003180840015003331000007003481010009003552450034003642460023003985040051004219060045004729420012005179990017005299520114005461416716820180215090841.0051103s2006 paua b 001 0 eng  a 2005032348 aGBA6170292bnb7 a1012610412DNLM7 a0133865742Uk a0781794854 a(OCoLC)ocm62302298 aDNLM/DLCcDLCdYDXCPdNLMdUKMdBAKERdUBYdNLGGCdOCLCQdDLC aeng apcc10aQS 604bS126L 2006 a612.64 SAD00a612.64 SAD222 a44.342bcl a44.362bcl1 a10 aGJIN10aLangman's medical embryology.30aMedical embryology aIncludes bibliographical references and index. a7bcbccorignewd1eecipf20gy-gencatlg 2ddccBK c42695d42695 00102udc40708PËKGa002b002cPËKGd2018-02-15l0o612.64 SADp002-2998799r2018-02-15w2018-02-15yBK